Helyes törekvések és visszásságok az utcák elnevezésében
Elmentve itt :
| Szerző: | |
|---|---|
| Dokumentumtípus: | Cikk |
| Megjelent: |
1962-10-05
|
| Sorozat: | Délmagyarország
52 No. 233 |
| Kulcsszavak: | Utcanevek megváltozása Szeged 1962, Helytörténet Szeged 1962, utak, utcák |
| Online Access: | http://dmarchiv.bibl.u-szeged.hu/64181 |
| LEADER | 00546nab a2200157 i 4500 | ||
|---|---|---|---|
| 001 | delm64181 | ||
| 005 | 20180927151343.0 | ||
| 008 | 180927s1962 hu o 0|| hun d | ||
| 040 | |a SZTE Délmagyarország Archívum |b hun | ||
| 041 | |a hun | ||
| 100 | 1 | |a Oltvai Ferenc | |
| 245 | 1 | 0 | |a Helyes törekvések és visszásságok az utcák elnevezésében |h [elektronikus dokumentum] / |c Oltvai Ferenc |
| 260 | |c 1962-10-05 | ||
| 300 | |a 5 | ||
| 490 | 0 | |a Délmagyarország |v 52 No. 233 | |
| 695 | |a Utcanevek megváltozása Szeged 1962, Helytörténet Szeged 1962, utak, utcák | ||